000 00676nam a2200241 i 4500
001 11354
003 ES-MaACL
005 20240510063019.0
007 t|
008 960424s1996 sp ||||1| spa d
020 _a848635174X
080 _a860-84"19"
100 1 _aMuñoz Robledano, Alvaro.
_984487
245 1 0 _aHoteles /
_cAlvaro Muñoz Robledano.
250 _a1ª ed.
260 _aHumanes, Madrid :
_bJuan Pastor,
_c1996.
300 _a41 p. ;
_c20 cm.
490 1 _aDevenir. Serie Poesía ;
_v94
830 0 0 _aDevenir.
_pSerie Poesía ;
_v94
_9236243
852 _aES-MaACL
_jP-1931 N 94
_bR.124895
_911656
942 _2udc
999 _c11354
_d11354